=LDR 00000nam 2200000 4500 =001 INLIS000000000042257 =005 20131008015036 =008 ***********************************Ind** =035 ##$$0010-101300000000179 =041 ##$$a Ind =082 ##$$a 362.092 =090 ##$$a 362.092, Wil k.4 =100 ##$$a Wilkins, Skip =245 ##$$a Keberanian dan Kemenangan, Skip Wilkins =260 ##$$a 1988 $b Jakarta =300 ##$$a 225 hlm, 21 cm =850 ##$$a NBPNMAT